Femmes et littérature (Tome 1) : Une histoire culturelle, I - Moyen Âge - XVIIIe siècle (notice n° 2135027)

détails MARC
000 -LEADER
fixed length control field 02040cam a2200253 4500500
005 - DATE AND TIME OF LATEST TRANSACTION
control field 20260405022836.0
041 ## - LANGUAGE CODE
Language code of text/sound track or separate title fre
042 ## - AUTHENTICATION CODE
Authentication code dc
100 10 - MAIN ENTRY--PERSONAL NAME
Personal name Cerquiglini-Toulet, Jacqueline
Relator term author
245 00 - TITLE STATEMENT
Title Femmes et littérature (Tome 1) : Une histoire culturelle, I - Moyen Âge - XVIIIe siècle
260 ## - PUBLICATION, DISTRIBUTION, ETC.
Name of publisher, distributor, etc. Gallimard,<br/>
Date of publication, distribution, etc. 2020.<br/>
520 ## - SUMMARY, ETC.
Summary, etc. Femmes et littérature, une histoire culturelle offre pour la première fois un ample panorama de la présence des femmes en littérature, du Moyen Âge au XXIe siècle, en France et dans les pays francophones.Composé de deux volumes, l’ouvrage rend compte des multiples formes que prend leur production selon le temps auquel elles appartiennent: poésie, théâtre et roman, correspondance, journal intime et autobiographie, essai, pratique journalistique, littérature populaire et littérature pour enfants. Leur participation active à la vie littéraire, leur présence dans les cours et couvents, salons, cercles et académies, dans la presse et les médias, leur rapport au manuscrit, au livre et à l’édition, leurs réflexions sur l’éducation ainsi que sur leur 'condition’spécifique sont analysés et mis en perspective.Fruit du travail collectif d’une dizaine de spécialistes, une telle synthèse contribue à enrichir considérablement les connaissances existantes. Elle rend ainsi toute sa place à une production littéraire souvent ignorée, rarement reconnue à sa juste valeur.
700 10 - ADDED ENTRY--PERSONAL NAME
Personal name Viennot, Éliane
Relator term author
700 10 - ADDED ENTRY--PERSONAL NAME
Personal name Reggiani, Christelle
Relator term author
700 10 - ADDED ENTRY--PERSONAL NAME
Personal name Chalonge, Florence de
Relator term author
700 10 - ADDED ENTRY--PERSONAL NAME
Personal name McDonald, Christie
Relator term author
700 10 - ADDED ENTRY--PERSONAL NAME
Personal name Dejean, Joan
Relator term author
700 10 - ADDED ENTRY--PERSONAL NAME
Personal name Rice, Alison
Relator term author
700 10 - ADDED ENTRY--PERSONAL NAME
Personal name Collectifs
Relator term author
700 10 - ADDED ENTRY--PERSONAL NAME
Personal name Naudier, Delphine
Relator term author
700 10 - ADDED ENTRY--PERSONAL NAME
Personal name Keller-Rahbé, Edwige
Relator term author
700 10 - ADDED ENTRY--PERSONAL NAME
Personal name Reid, Martine
Relator term author
856 41 - ELECTRONIC LOCATION AND ACCESS
Uniform Resource Identifier <a href="https://shs.cairn.info/femmes-et-litterature-une-histoire-culturelle-tome-1-moyen-age-xviiie-siecle--9782070465705?lang=fr&redirect-ssocas=7080">https://shs.cairn.info/femmes-et-litterature-une-histoire-culturelle-tome-1-moyen-age-xviiie-siecle--9782070465705?lang=fr&redirect-ssocas=7080</a>

Pas d'exemplaire disponible.

PLUDOC

PLUDOC est la plateforme unique et centralisée de gestion des bibliothèques physiques et numériques de Guinée administré par le CEDUST. Elle est la plus grande base de données de ressources documentaires pour les Étudiants, Enseignants chercheurs et Chercheurs de Guinée.

Adresse

627 919 101/664 919 101

25 boulevard du commerce
Kaloum, Conakry, Guinée

Réseaux sociaux

Powered by Netsen Group @ 2025